Household economies in West Africa (Record no. 45701)

MARC details
000 -LEADER
fixed length control field 00816nam a2200205 a 4500
008 - FIXED-LENGTH DATA ELEMENTS--GENERAL INFORMATION
fixed length control field 060420s2004 ||||||||||||||||| || u
020 ## - INTERNATIONAL STANDARD BOOK NUMBER
International Standard Book Number 2869781121
050 ## - LIBRARY OF CONGRESS CALL NUMBER
Classification number CODESRIA(02)2004/7
100 ## - MAIN ENTRY--PERSONAL NAME
Personal name Fall, Abdou Salam
245 10 - TITLE STATEMENT
Title Household economies in West Africa
Statement of responsibility, etc. Abdou Salam Fall [and] Omar Saip Sy
246 ## - VARYING FORM OF TITLE
Title proper/short title Les economies domestiques en Afrique de l'Ouest
260 ## - PUBLICATION, DISTRIBUTION, ETC.
Place of publication, distribution, etc. Dakar
Name of publisher, distributor, etc. Council for the Development of Social Research in Africa (CODESRIA)
Date of publication, distribution, etc. 2004
300 ## - PHYSICAL DESCRIPTION
Extent xx, 335p.: ill.
350 ## - PRICE (NR) (BK AM CF MU VM SE) [OBSOLETE]
Price 0.00
500 ## - GENERAL NOTE
General note Bibliography
650 #0 - SUBJECT ADDED ENTRY--TOPICAL TERM
Topical term or geographic name entry element ECONOMICS
650 ## - SUBJECT ADDED ENTRY--TOPICAL TERM
Topical term or geographic name entry element CONSUMPTION--ECONOMICS--WEST AFRICA
700 ## - ADDED ENTRY--PERSONAL NAME
Personal name Sy, Omar Saip
995 ## - RECOMMENDATION 995 [LOCAL, UNIMARC FRANCE]
-- 0.00
-- CBU-MAIN LIBRARY (Kitwe)
-- 1
-- 0.00
-- 1
-- AVAILABLE
-- Apr 20, 2006
-- International Publications
Holdings
Withdrawn status Lost status Source of classification or shelving scheme Damaged status Not for loan Home library Current library Shelving location Date acquired Total Checkouts Full call number Barcode Date last seen Price effective from Koha item type
          CBU-MAIN LIBRARY, KITWE. CBU-MAIN LIBRARY, KITWE.   11/30/2022   CODESRIA(02)2004/7 03000111 11/30/2022 11/30/2022 MONOGRAPH